Tablice rejestracyjne województw - quiz na mapie - Statystyki

Ogólne statystyki
  • Ten quiz został rozwiązany 24 371 razy
    24 355 od ostatniego zresetowania
  • Średni wynik to 10 z 16
Odpowiedzi na mapie
Odpowiedzi zakodowano w zielono-czerwonej skali na mapie do tego quizu, zgodnie z poniższymi procentami.
 
Statystyki odpowiedzi
Odpowiedź % Poprawnych
W,A
84%
G,X
76%
L
73%
P,M
71%
K,J
70%
O
70%
D,V
68%
B
66%
Z
64%
R,Y
62%
S,I
60%
E
53%
C
47%
F
46%
T
46%
N
42%
Nie znaleziono quizów pasujących do podanych kryteriów
Rozkład punktacji
Procent ludzi z każdym wynikiem
Percentyl według liczby udzielonych odpowiedzi
Twoja historia wyników
Nie rozwiązałeś tego quizu od ostatniego zresetowania